Bureautic management theory applied by the international pharmaceuticals incorporated in Angono, Rizal calendar year 2022 (Record no. 67863)

MARC details
000 -LEADER
fixed length control field 00985nam a22002417a 4500
003 - CONTROL NUMBER IDENTIFIER
control field urs
005 - DATE AND TIME OF LATEST TRANSACTION
control field 20230119135501.0
008 - FIXED-LENGTH DATA ELEMENTS--GENERAL INFORMATION
fixed length control field 230119b |||||||| |||| 00| 0 eng d
100 ## - MAIN ENTRY--PERSONAL NAME
9 (RLIN) 3376
Personal name Fuentes, Korina D.
Relator term author
245 ## - TITLE STATEMENT
Title <a href="Bureautic management theory applied by the international pharmaceuticals incorporated in Angono, Rizal calendar year 2022">Bureautic management theory applied by the international pharmaceuticals incorporated in Angono, Rizal calendar year 2022</a>
Statement of responsibility, etc Fuentes, Korina D., Montecillo, Grace Anne S., Pasad, Merlinda R., Urbano Angelica I.
260 ## - PUBLICATION, DISTRIBUTION, ETC. (IMPRINT)
Date of publication, distribution, etc 2022
300 ## - PHYSICAL DESCRIPTION
Extent xiv, 78 leaves
Dimensions 28 cm
336 ## - CONTENT TYPE
Source rdacontent
Content type term text
337 ## - MEDIA TYPE
Source rdamedia
Media type term unmedia
338 ## - CARRIER TYPE
Source rdacarrier
Carrier type term volume
502 ## - DISSERTATION NOTE
Dissertation note Thesis
Degree type Bachelor of Science in Office Administration
Name of granting institution University of Rizal System Binangonan
Year degree granted 2022
504 ## - BIBLIOGRAPHY, ETC. NOTE
Bibliography, etc includes bibliographical references
700 ## - ADDED ENTRY--PERSONAL NAME
9 (RLIN) 3378
Personal name Moncillo, Grace Anne S.
Relator term author
700 ## - ADDED ENTRY--PERSONAL NAME
9 (RLIN) 3379
Personal name Pasad, Merlinda R.
Relator term author
700 ## - ADDED ENTRY--PERSONAL NAME
9 (RLIN) 3380
Personal name Urbano, Angelica I.
Relator term author
700 ## - ADDED ENTRY--PERSONAL NAME
9 (RLIN) 1728
Personal name Rosechel R. Corral, MBA
Relator term adviser
942 ## - ADDED ENTRY ELEMENTS (KOHA)
Source of classification or shelving scheme Library of Congress Classification
Koha item type Theses and dissertations
Holdings
Withdrawn status Source of classification or shelving scheme Damaged status Not for loan Home library Current library Shelving location Date acquired Total Checkouts Barcode Date last seen Price effective from Koha item type
  Library of Congress Classification     Binangonan College Library Binangonan College Library Undergraduate Theses 01/19/2023   URSBIN-UGT2551 01/19/2023 01/19/2023 Theses and dissertations

University of Rizal System
Email us at univlibservices@urs.edu.ph

Visit our Website www.urs.edu.ph/library